|
|
|
|
| LEADER |
00673nam a2200205Ia 4500 |
| 001 |
CTU_125678 |
| 008 |
210402s9999 xx 000 0 und d |
| 082 |
|
|
|a 428.24
|
| 082 |
|
|
|b C976
|
| 100 |
|
|
|a Curry, Dean
|
| 245 |
|
0 |
|a Close-up :
|
| 245 |
|
2 |
|b A photomotivational text: Writing activities for English as a foreign language ( Intermediate/Advanced level )
|
| 245 |
|
0 |
|c Dean Curry
|
| 260 |
|
|
|a Washington, D.C.
|
| 260 |
|
|
|b United States Department of State
|
| 260 |
|
|
|c 2000
|
| 650 |
|
|
|a English language,English laguage
|
| 650 |
|
|
|x Study and teaching,Foreign speakers,Writing
|
| 904 |
|
|
|i Minh
|
| 980 |
|
|
|a Trung tâm Học liệu Trường Đại học Cần Thơ
|